00916nam a22002657a 45000010005000000030006000050050017000110080041000280200018000690400051000870500016001380820011001541000025001652450032001902600041002223000023002635050007002865200122002935210018004155210018004336500035004519420015004869990015005019520134005168821FISKH20251022085203.0251022b cb ||||| |||| 00| 0 eng d a9780440404903 aFISKHbengcFISKHdFISKH813.54 LCC PZ7.B6265 F aPZ7.B6265 F a813.54 aBlume, Judy eAuthor aFudge-a-Mania /cJudy Blume aNew York :bDell Publishing , c1990 a147 pages :c20 cm aJ  aPete describes the family vacation in Maine with the Tubmans, highlighted by the antics of his younger brother Fudge.8 a490 bLexile 8 aJ bRaz-Plus  aChildren's literature vComedy 2ddccBKn0 c8821d8821 00102ddc4070a002b002cTTP Dark Blued2025-10-22l0oBLU 813.54 PZ7.B6265 FpFIS00886r2025-10-22 08:52:00t1w2025-10-22yBK